VILLANCICOS, QUE SE HAN DE CANTAR LA NOCHE DE NAVIDADEN LA IGLESIA DEL IMPERIAL COLEGIO DE LA COMPAÑIA DE JESUS DE ESTA CORTE, EN ESTE AñO DE M.DCC.LIII. (Record no. 45110)

MARC details
000 -LEADER
campo de control de longitud fija 00918nam a2200205 i 4500
001 - NÚMERO DE CONTROL
campo de control C00046115c
005 - FECHA Y HORA DE LA ÚLTIMA TRANSACCIÓN
campo de control 20241029145711.0
008 - DATOS DE LONGITUD FIJA--INFORMACIÓN GENERAL
campo de control de longitud fija 021111s1753 sp a 000 0 spa d
080 ## - NÚMERO DE LA CLASIFICACIÓN DECIMAL UNIVERSAL
Número de la Clasificación Decimal Universal 783.651.2(460)"17"
245 00 - MENCIÓN DEL TÍTULO
Título VILLANCICOS, QUE SE HAN DE CANTAR LA NOCHE DE NAVIDADEN LA IGLESIA DEL IMPERIAL COLEGIO DE LA COMPAÑIA DE JESUS DE ESTA CORTE, EN ESTE AñO DE M.DCC.LIII.
260 ## - PUBLICACIÓN, DISTRIBUCIÓN, ETC.
Lugar de publicación, distribución, etc. Con licencia en Madrid :
Nombre del editor, distribuidor, etc. en la Imprenta de la Viuda de Manuel Fernandez.
300 ## - DESCRIPCIÓN FÍSICA
Extensión 14 p. :
Otras características físicas il. ;
Dimensiones 21 cm.
500 ## - NOTA GENERAL
Nota general En anteportada ms. a tinta: 1. Antebª 6-3 nº 4 -- 2. Belmonte y octubre 27 de 1767 -- 3. Memandó encuadernar su dueño Jacinto Hernandez -- 4. Perteneció este libro al insigne Maestro Eslava 1879.
500 ## - NOTA GENERAL
Nota general Enc. en perg.
500 ## - NOTA GENERAL
Nota general Enc. con otras obras.
650 14 - PUNTO DE ACCESO ADICIONAL DE MATERIA--TÉRMINO DE MATERIA
Término de materia o nombre geográfico como elemento de entrada Villancicos (Música)-
Subdivisión geográfica España-
Subdivisión cronológica S. XVIII.
9 (RLIN) 93872
852 42 - LOCALIZACIÓN
Número de control de estantería A-1737

No items available.

Powered by Koha